[Event "Znojmo Rotunda op"]
[Site "Znojmo"]
[Date "2024.06.26"]
[Round "5"]
[White "Molik, Jakub"]
[Black "Marek, Jakub"]
[Result "1-0"]
[WhiteElo "1657"]
[BlackElo "1932"]
[PlyCount "65"]
[EventDate "2024.06.23"]
[EventType "swiss"]
[EventRounds "9"]
[EventCountry "CZE"]
[SourceTitle "CBM 221 Extra"]
[Source "ChessBase"]
[SourceDate "2024.09.30"]
[SourceVersion "1"]
[SourceVersionDate "2024.09.30"]
[SourceQuality "1"]

1. e4 e5 2. Nf3 Nc6 3. d4 exd4 4. Nxd4 Nxd4 5. Qxd4 d6 6. Nc3 Qf6 7. Be3 Be7 8. Nd5 Qxd4 9. Bxd4 Kd8 10. Bxg7 c6 11. Nxe7 Kxe7 12. Bxh8 f6 13. Bc4 Be6 14. Bxe6 Kxe6 15. f4 Ne7 16. Bg7 Kf7 17. e5 dxe5 18. fxe5 Kxg7 19. exf6+ Kxf6 20. 0-0-0 Rg8 21. g3 Nd5 22. Rhf1+ Ke6 23. Rde1+ Kd6 24. Rf7 h5 25. Rxb7 h4 26. gxh4 Rg2 27. Rxa7 Rxh2 28. Ra4 Kc5 29. Rg4 Kd6 30. a4 Kc5 31. a5 Rh3 32. a6 Kb6 33. Ra4 1-0

[Event "Znojmo Rotunda op"]
[Site "Znojmo"]
[Date "2024.06.25"]
[Round "4"]
[White "Marek, Jakub"]
[Black "Buchta, Vaclav"]
[Result "0-1"]
[WhiteElo "1932"]
[BlackElo "2099"]
[PlyCount "66"]
[EventDate "2024.06.23"]
[EventType "swiss"]
[EventRounds "9"]
[EventCountry "CZE"]
[SourceTitle "CBM 221 Extra"]
[Source "ChessBase"]
[SourceDate "2024.09.30"]
[SourceVersion "1"]
[SourceVersionDate "2024.09.30"]
[SourceQuality "1"]

1. e4 Nf6 2. Nc3 d5 3. exd5 Nxd5 4. Nxd5 Qxd5 5. d3 e5 6. Ne2 Be6 7. Nc3 Qd7 8. Be2 Nc6 9. 0-0 Be7 10. Re1 0-0-0 11. a3 g5 12. b4 Nd4 13. Be3 f5 14. Bf1 Bf6 15. Bxd4 Qxd4 16. Na4 b6 17. c3 Qd5 18. c4 Qd7 19. Qc2 Kb8 20. Rad1 h5 21. c5 Bd5 22. Nc3 Bb7 23. a4 h4 24. b5 bxc5 25. a5 h3 26. f3 g4 27. b6 cxb6 28. axb6 axb6 29. Rb1 Qd4+ 30. Qf2 Qxf2+ 31. Kxf2 e4 32. Na4 hxg2 33. Bxg2 Bh4+ 0-1

[Event "Znojmo Rotunda op-A"]
[Site "Znojmo"]
[Date "2023.08.19"]
[Round "1"]
[White "Vyskocil, Neklan"]
[Black "Marek, Jakub"]
[Result "1-0"]
[WhiteElo "2307"]
[BlackElo "1889"]
[PlyCount "47"]
[EventDate "2023.08.19"]
[EventType "swiss"]
[EventRounds "9"]
[EventCountry "CZE"]
[SourceTitle "CBM 216 Extra"]
[Source "ChessBase"]
[SourceDate "2023.11.30"]
[SourceVersion "1"]
[SourceVersionDate "2023.11.30"]
[SourceQuality "1"]

1. d4 Nf6 2. Nf3 g6 3. Nc3 Bg7 4. e4 0-0 5. e5 Ne8 6. Bc4 c6 7. Bf4 d5 8. Be2 Bg4 9. h3 Bxf3 10. Bxf3 Nc7 11. Qd2 Ne6 12. Be3 Nd7 13. Bg4 Nb6 14. b3 Nd7 15. 0-0 Rc8 16. f4 c5 17. dxc5 Nexc5 18. Nxd5 e6 19. Nc3 a6 20. Bf3 Qa5 21. Ne4 Qxd2 22. Nxd2 b5 23. a4 bxa4 24. b4 1-0

[Event "CZE-chT2E 2223"]
[Site "Czech Republic"]
[Date "2023.02.19"]
[Round "9.6"]
[White "Marek, Jakub"]
[Black "Mlensky, Dalibor"]
[Result "1/2-1/2"]
[WhiteElo "1873"]
[BlackElo "2112"]
[PlyCount "40"]
[EventDate "2022.10.16"]
[EventType "team-tourn"]
[EventRounds "11"]
[EventCountry "CZE"]
[SourceTitle "EXT 2024"]
[Source "ChessBase"]
[SourceDate "2023.10.10"]
[SourceVersion "1"]
[SourceVersionDate "2023.10.10"]
[SourceQuality "1"]
[WhiteTeam "Znojmo"]
[BlackTeam "Prusanky Podluzan"]
[WhiteTeamCountry "CZE"]
[BlackTeamCountry "CZE"]

1. d4 f5 2. Nf3 Nf6 3. Nbd2 e6 4. e3 b6 5. Bd3 Bb7 6. Qe2 Be7 7. c4 0-0 8. 0-0 a5 9. b3 Na6 10. a3 Qe8 11. Bb2 Qh5 12. Ne5 Qxe2 13. Bxe2 d6 14. Nd3 Ne4 15. Rad1 Nxd2 16. Rxd2 Bg5 17. f4 Bf6 18. Bf3 Bxf3 19. gxf3 g6 20. e4 Bg7 1/2-1/2

[Event "CZE-chT2E 2223"]
[Site "Czech Republic"]
[Date "2022.10.16"]
[Round "1.8"]
[White "Riha, Otmar"]
[Black "Marek, Jakub"]
[Result "1-0"]
[WhiteElo "1924"]
[BlackElo "1873"]
[PlyCount "71"]
[EventDate "2022.10.16"]
[EventType "team-tourn"]
[EventRounds "11"]
[EventCountry "CZE"]
[SourceTitle "EXT 2024"]
[Source "ChessBase"]
[SourceDate "2023.10.10"]
[SourceVersion "1"]
[SourceVersionDate "2023.10.10"]
[SourceQuality "1"]
[WhiteTeam "Brno VSK Univ"]
[BlackTeam "Znojmo"]
[WhiteTeamCountry "CZE"]
[BlackTeamCountry "CZE"]

1. e4 c5 2. Nc3 d6 3. Bb5+ Bd7 4. Bxd7+ Qxd7 5. Nf3 e6 6. d4 cxd4 7. Nxd4 Nc6 8. Be3 Nge7 9. Ndb5 Ng6 10. a4 a6 11. Na3 Be7 12. Nc4 Rb8 13. a5 0-0 14. 0-0 f5 15. exf5 Rxf5 16. Ne4 Rbf8 17. Nc5 Qe8 18. Nxe6 R8f6 19. Nc7 Qf7 20. Nb6 Nh4 21. Ncd5 Rg6 22. Nxe7+ Nxe7 23. g3 Nf3+ 24. Kg2 Rh5 25. Rh1 Rf5 26. Ra4 Ng5 27. Rf4 Rxf4 28. Bxf4 Ne6 29. Bxd6 Nf5 30. Be5 Nh4+ 31. Kf1 Nf3 32. Bc3 Qf5 33. h4 Qe4 34. Qd5 Nd2+ 35. Bxd2 Qxc2 36. Bc3 1-0

[Event "Vsetin op 45th"]
[Site "Vsetin"]
[Date "2020.07.06"]
[Round "3"]
[White "Valenta, Vit"]
[Black "Marek, Jakub"]
[Result "1/2-1/2"]
[WhiteElo "2054"]
[BlackElo "1693"]
[PlyCount "52"]
[EventDate "2020.07.04"]
[EventType "swiss"]
[EventRounds "9"]
[EventCountry "CZE"]
[SourceTitle "CBM 197 Extra"]
[Source "ChessBase"]
[SourceDate "2020.09.30"]
[SourceVersion "1"]
[SourceVersionDate "2020.09.30"]
[SourceQuality "1"]

1. e4 c5 2. Nc3 d6 3. g3 Nc6 4. Bg2 g6 5. Nge2 Bg7 6. 0-0 Nf6 7. d3 0-0 8. h3 Bd7 9. Kh2 a6 10. a4 e5 11. f4 Rc8 12. fxe5 dxe5 13. Bg5 Ng4+ 14. hxg4 Qxg5 15. Bh3 Bxg4 16. Bxg4 Qxg4 17. Nd5 f5 18. Nec3 Qg5 19. Qe2 f4 20. Qg2 Qh5+ 21. Qh3 fxg3+ 22. Kxg3 Qxh3+ 23. Kxh3 Rxf1 24. Rxf1 Rf8 25. Rxf8+ Kxf8 26. Ne2 Nd4 1/2-1/2